| 000 | 00716cam a2200169 a 4500 | ||
|---|---|---|---|
| 040 | _cDLC | ||
| 082 | 0 | 0 |
_a344 AME 1986 C147 Or. _a347.3044369792 |
| 245 | 0 | 0 |
_aAIDS and the law : _bALI ABA video law review study materials / |
| 260 |
_a[Philadelphia, Pa.] (4025 Chestnut St., Philadelphia 19104) : _bAmerican Law Institute-American Bar Association, Committee on Continuing Professional Education, _cc1986. |
||
| 300 |
_axxi, 621 p. : _bill. ; _c28 cm. |
||
| 500 | _a"Q146." | ||
| 650 | 0 | _aAIDS (Disease) | |
| 650 | 0 | _aDiscrimination in employment | |
| 710 | 2 | _aUniversity of Pennsylvania. | |
| 710 | 2 | _aAmerican Law Institute-American Bar Association Committee on Continuing Professional Education. | |
| 942 | _cAEDBB | ||
| 999 |
_c18523 _d18523 |
||